000 00824nam a2200217 a 4500
001 56935
003 BD-RjUL
005 20211209080442.0
008 161205s1977 bg ||||| |||| 00| 0 ben d
035 _a(BD-RjUL)57059
040 _aBD-RjUL
_bben
_cBD-RjUL
_dBD-RjUL
041 _aben
082 _223
_a297.124
_bTHT 1977
100 _aথানভী, আশরাফ আলী
_9168759
245 1 0 _aতফসীরে আশরাফী :
_b[১১শ পারা - ইয়া'তাযেরুণ] /
_cআশ'রাফ আলী থানভী
260 _aঢাকা :
_bএমদাদিয়া লাইব্রেরী,
_c১৯৭৭
300 _aবিভিন্ন পৃ. ;
_c২৬ সেমি.
650 _aহাদিস
_9168760
650 _aHadidth
_9157156
942 _2ddc
_cBK
999 _c56935
_d56935